| 000 | 00668nam a2200193 a 4500 | ||
|---|---|---|---|
| 005 | 20240925064419.0 | ||
| 008 | 991125s1969 bar 000 0 spa u | ||
| 035 | _aUPN01000017377 | ||
| 049 | _aCG | ||
| 050 | 4 |
_aLB1105 _bP3.2a no.26 |
|
| 100 | 1 | _aIsambert, André | |
| 245 | 1 | 3 |
_aLa educación de los padres / _cAndré Isambert ; pról. Georges Heuyer ; tr. María Bages de Brachfeld. |
| 260 |
_aBarcelona, Esp. : _bL. Miracle, _c1969. |
||
| 300 | _a239 p. | ||
| 440 | 0 |
_aPaideia. _pBiblioteca práctica de pedagogía, psicología y psicopatología de la infancia ; _v26 |
|
| 650 | 4 |
_aEducación de adultos _9956 |
|
| 650 | 4 |
_aPadres e hijos _91360 |
|
| 905 | _aLibro | ||
| 999 |
_c17377 _d17377 |
||